| 000 | 00480nam a2200181Ia 4500 | ||
|---|---|---|---|
| 001 | 2967 | ||
| 005 | 20260306144846.0 | ||
| 008 | 260306t2005||||xx |||||||||||||| ||spa|| | ||
| 041 | _aESP | ||
| 082 |
_a236.8 _bA176 |
||
| 100 |
_aAsociación Vida y Espiritualidad, VE _eAUT |
||
| 245 | 0 |
_aLa Inmaculada Concepción: _buna verdad de fe para el tercer milenio |
|
| 260 | _c2005 | ||
| 300 |
_a211 páginas : _c20 cm. |
||
| 650 | _aGEN | ||
| 654 | _aCHU | ||
| 942 |
_cLIB _dJUS _fJUS _2ddc _n |
||
| 999 |
_c2967 _d2967 |
||